00465nam a22001577a 4500008004100000020001800041050002400059100002100083245008400104250001200188260002900200300001400229650001600243650002500259700002300284201125b xxu||||| |||| 00| 0 eng d a9781292086118 aHF 5437b.L97 2016  aLysons, Kenneth  aProcurement and Supply Chain Management/cKenneth lysons and Brian Farrington  a9th ed. aBoston:bPearson,c2016. axx, 671p. aPurchasing  aBusiness statistics  aFarrington, Brian